[Event "Tourn. n8242"]
[Site "www.chess-mail.com"]
[Date "2015.07.20"]
[Round "1"]
[White "Oliverio"]
[Black "Falcoale"]
[WhiteElo "1800"]
[BlackElo "1850"]
[Result "0-1"]
[Round "1"]
1.d4 Ng8f6
2.Ng1f3 e6
3.Bc1g5 h6
4.Bg5xf6 Qd8xf6
5.e4 b6
6.Bf1d3 Bc8b7
7.O-O Qf6d8
 { time }
0-1

[Event "Tourn. n8242"]
[Site "www.chess-mail.com"]
[Date "2015.07.20"]
[Round "1"]
[White "Falcoale"]
[Black "Anja"]
[WhiteElo "1850"]
[BlackElo "1840"]
[Result "1-0"]
[Round "1"]
1.e4 Ng8f6
2.e5 Nf6d5
3.d4 d6
4.Ng1f3 Bc8g4
5.h3 Bg4xf3
6.Qd1xf3 c6
7.Bf1c4 e6
8.O-O Bf8e7
9.exd6  { time }
1-0

[Event "Tourn. n8242"]
[Site "www.chess-mail.com"]
[Date "2015.07.20"]
[Round "1"]
[White "Llord"]
[Black "Falcoale"]
[WhiteElo "1730"]
[BlackElo "1850"]
[Result "0-1"]
[Round "1"]
1.e4 c5
2.Bf1c4 Nb8c6
3.Ng1f3 e6
4.Nb1c3 a6
5.a4 b6
6.O-O Bc8b7
7.d3 Ng8f6
8.Bc1g5 h6
9.Bg5h4 Bf8e7
10.e5 Nf6h7
11.Bh4xe7 Qd8xe7
12.Rf1e1 O-O
13.Nc3e4 Ra8b8
14.Ne4d6 Nc6xe5
15.Nd6xb7 Ne5xc4
16.dxc4 Rb8xb7
17.Nf3e5 Rb7c7
18.Re1e2 d6
19.Ne5f3 Rc7d7
20.b3 Nh7g5
21.Nf3xg5 Qe7xg5
22.Re2d2 Rf8d8
23.Qd1f3 Qg5xd2
24.c3 Qd2b2
25.Ra1e1 Qb2xb3
{ resign }
0-1

[Event "Tourn. n8182"]
[Site "www.chess-mail.com"]
[Date "2015.07.20"]
[Round "1"]
[White "Sfalcao"]
[Black "Masterchess"]
[WhiteElo "1890"]
[BlackElo "1860"]
[Result "1-0"]
[Round "1"]
1.e4 Ng8f6
2.e5 Nf6d5
3.d4 d6
4.Ng1f3 Bc8g4
5.Bf1e2 e6
6.O-O Nb8c6
7.c4 Nd5b6
8.exd6 cxd6
9.d5 exd5
10.cxd5 Bg4xf3
11.Be2xf3 Nc6e5
12.Rf1e1 Bf8e7
13.Nb1c3 O-O
14.Bf3e4 Be7f6
15.Qd1c2 g6
16.Nc3e2 Ra8c8
17.Qc2b3 Qd8d7
18.Qb3g3 { resign }
1-0

[Event "Tourn. n8182"]
[Site "www.chess-mail.com"]
[Date "2015.07.20"]
[Round "1"]
[White "Attatroll"]
[Black "Sfalcao"]
[WhiteElo "1920"]
[BlackElo "1890"]
[Result "1-0"]
[Round "1"]
1.e4 c5
2.d4 cxd4
3.c3 dxc3
4.Nb1xc3 Nb8c6
5.Bf1c4 e6
6.Bc1f4 Bf8b4
7.Ng1e2 Ng8f6
8.f3 Nf6h5
9.Bf4e3 O-O
10.O-O Nc6e5
11.Bc4b3 Qd8e7
12.a3 Bb4a5
13.Qd1d4 Ba5b6
14.Qd4xe5 Bb6xe3
15.Kh1 Nh5f6
16.Ne2g3 d6
17.Qe5b5 e5
18.Nc3d5 Nf6xd5
19.Qb5xd5 Bc8e6
20.Qd5d3 Be3f4
21.Bb3xe6 Qe7xe6
22.Ng3f5 Ra8d8
23.Ra1d1 Rd8d7
24.Qd3d5 Qe6xd5
25.Rd1xd5 g6
26.Rd5xd6 Rd7xd6
27.Nf5xd6 b6
28.Nd6c4 f6
29.Rf1d1 Rf8c8
30.b3 b5
31.Nc4a5 Rc8c1
32.Rd1xc1 Bf4xc1
33.Na5c6 Bc1e3
34.g3 Kf7
35.Kg2 Ke8
36.Kf1 Kd7
37.Nc6b8 Kc7
38.Nb8a6 Kb6
39.Na6b4 Kc5
40.Nb4d5 Be3c1
41.Nd5xf6 Bc1xa3
42.Nf6xh7 Kb4
43.Nh7f8 Kxb3
44.Nf8xg6 b4
45.h4 Kc3
46.h5 Ba3c1
47.f4 exf4
48.h6 Bc1b2
49.h7 Kc2
50.e5 b3
51.h8Q fxg3
52.Qh8h3 Bb2c3
53.Qh3xg3 b2
54.Qg3f2 Bc3d2
55.Qf2f5 Kc3
56.Ng6e7 Bd2g5
57.Ne7d5 Kc4
58.Qf5c2 Kxd5
59.Qc2xb2 Bg5f4
60.Qb2b7 { resign }
1-0

[Event "Tourn. n8181"]
[Site "www.chess-mail.com"]
[Date "2015.07.20"]
[Round "1"]
[White "Falcoale"]
[Black "Birdchess"]
[WhiteElo "1830"]
[BlackElo "1720"]
[Result "1-0"]
[Round "1"]
1.e4 e5
2.Ng1f3 Nb8c6
3.Bf1c4 Bf8e7
4.d3 d6
5.h3 Ng8f6
6.Nb1c3 O-O
7.O-O a6
8.Nc3d5 Nf6xd5
9.Bc4xd5 Bc8e6
10.Bd5b3 Be6xb3
11.axb3 f5
12.Nf3d2 Qd8d7
13.c3 f4
14.Nd2f3 Qd7e6
15.Rf1e1 g5
16.d4 exd4
17.cxd4  { time }
1-0

[Event "Tourn. n8230"]
[Site "www.chess-mail.com"]
[Date "2015.07.20"]
[Round "1"]
[White "Falcoale"]
[Black "Oliverio"]
[WhiteElo "1820"]
[BlackElo "1760"]
[Result "1-0"]
[Round "1"]
1.e4 c5
2.Ng1f3 Nb8c6
3.Bf1c4 d6
4.d3 Ng8f6
5.h3 e6
6.Bc1g5 Bf8e7
7.O-O O-O
8.a3 d5
9.exd5  { time }
1-0

[Event "Tourn. n8201"]
[Site "www.chess-mail.com"]
[Date "2015.07.20"]
[Round "1"]
[White "Fangshuo"]
[Black "Samael"]
[WhiteElo "2010"]
[BlackElo "2080"]
[Result "1-0"]
[Round "1"]
1.e4 e5
2.Ng1f3 d6
3.d4 exd4
4.Nf3xd4 Bf8e7
5.Nb1c3 Bc8d7
6.Bf1c4 Ng8f6
7.O-O O-O
8.f4 h6
9.e5 dxe5
10.fxe5 Nf6h7
11.Qd1h5 Be7c5
12.Bc1e3 Qd8e7
13.Nc3d5 Qe7d8
14.Rf1f3 Nh7g5
15.Nd5f6 gxf6
16.Qh5g6 Kh8
17.Qg6xh6 Ng5h7
18.Rf3xf6 Bc5xd4
19.Be3xd4 Bd7f5
20.Bd4c3 Bf5g6
21.e6 Kg8
22.Rf6xg6 { resign }
1-0

[Event "Tourn. n8189"]
[Site "www.chess-mail.com"]
[Date "2015.07.20"]
[Round "1"]
[White "Falcoale"]
[Black "Panham"]
[WhiteElo "1810"]
[BlackElo "2000"]
[Result "0-1"]
[Round "1"]
1.e4 e6
2.Nb1c3 d5
3.d3 d4
4.Nc3e2 c5
5.Bc1f4 Nb8c6
6.Ng1f3 Ng8f6
7.Ne2g3 Bf8e7
8.Nf3e5 O-O
9.Ne5xc6 bxc6
10.Bf1e2 Qd8a5
11.Bf4d2 Qa5c7
12.O-O Ra8b8
13.b3 Nf6e8
14.f4 Ne8d6
15.f5 Nd6b5
16.a4 Nb5d6
17.Bd2f4 Qc7d8
18.Bf4xd6 Be7xd6
19.Be2g4 Qd8g5
20.Qd1e2 e5
21.h3 Qg5d8
22.Rf1f2 f6
23.Bg4h5 Qd8a5
24.Qe2f3 Qa5c3
25.Qf3d1 Bc8a6
26.Bh5e2 Qc3a5
27.Be2h5 c4
28.dxc4 Bd6c5
29.Bh5e2 d3
30.cxd3 Bc5xf2
31.Kxf2 Qa5c3
32.Kg1 Rb8xb3
33.Qd1f1 Ba6xc4
34.dxc4 Qc3xg3
35.Qf1f2 Qg3xf2
36.Kxf2 Rf8d8
37.Kf1 c5
38.Kg1 Rd8d2
39.Be2f3 Rd2b2
40.a5 Rb2b1
41.Ra1xb1 Rb3xb1
42.Kf2 Rb1a1
43.Ke2 Ra1xa5
44.Kd3 Ra5a6
45.Kc3 Ra6b6
46.Kd2 a5
47.Bf3d1 Rb6b2
48.Kc3 Rb2xg2
49.Bd1g4 Rg2g3
50.Kb2 Rg3e3
51.Ka2 Re3xe4
52.Kb3 Re4d4
53.Ka4 Rd4xc4
54.Kxa5 e4
55.Kb5 Rc4c2
56.Bg4d1 Rc2c1
57.Bd1b3 Kf8
{ resign }
0-1

[Event "Tourn. n8240"]
[Site "www.chess-mail.com"]
[Date "2015.07.20"]
[Round "1"]
[White "Bira47"]
[Black "Culiflori"]
[WhiteElo "1739"]
[BlackElo "999"]
[Result "1-0"]
[Round "1"]
1.c4 Ng8f6
2.g3 d5
3.Bf1g2 e6
4.e3 Nb8c6
5.cxd5 Nf6xd5
6.Ng1e2 g6
7.Nb1c3 Bf8g7
8.O-O O-O
9.d4 Ra8b8
10.Nc3xd5 exd5
11.a3 Bc8g4
12.f3 Bg4f5
13.Ne2c3 Rf8e8
14.Rf1e1 Qd8d7
15.Qd1d2 Bg7h6
16.Qd2f2 Rb8d8
17.e4 dxe4
18.Bc1xh6 exf3
19.Bg2xf3 a6
20.d5 Nc6e5
21.Bf3e4 Bf5xe4
22.Nc3xe4 Ne5g4
23.Ne4f6 Kh8
24.Re1xe8 Rd8xe8
25.Nf6xg4 Qd7xg4
26.Qf2f6 { resign }
1-0

[Event "Tourn. n8228"]
[Site "www.chess-mail.com"]
[Date "2015.07.20"]
[Round "1"]
[White "Pablincho"]
[Black "Swampcat"]
[WhiteElo "1650"]
[BlackElo "1620"]
[Result "1-0"]
[Round "1"]
1.e4 e6
2.d4 d5
3.e5 c5
4.Ng1f3 Nb8c6
5.c3 c4
6.Bc1e3 Ng8h6
7.h3 Nh6f5
8.Bf1e2 Nf5xe3
9.fxe3 Qd8b6
10.Qd1c2  { time }
1-0

[Event "Tourn. n8229"]
[Site "www.chess-mail.com"]
[Date "2015.07.20"]
[Round "1"]
[White "Paes19"]
[Black "Orhany24"]
[WhiteElo "1970"]
[BlackElo "1930"]
[Result "0-1"]
[Round "1"]
1.e4 e5
2.Ng1f3 Nb8c6
3.d4 exd4
4.Nf3xd4 Bf8c5
5.Bc1e3 Nc6xd4
6.Be3xd4 Qd8e7
7.Bd4xg7 Ng8f6
8.Bg7xh8 Nf6xe4
9.Bh8d4 Ne4c3
{ resign }
0-1

[Event "Tourn. n8255"]
[Site "www.chess-mail.com"]
[Date "2015.07.20"]
[Round "1"]
[White "Falcoale"]
[Black "Ruko"]
[WhiteElo "1850"]
[BlackElo "1680"]
[Result "0-1"]
[Round "1"]
1.e4 e5
2.Ng1f3 Nb8c6
3.Bf1c4 Bf8c5
4.d3 Ng8f6
5.O-O d6
6.Nb1c3 Bc8g4
7.h3 Bg4h5
8.Bc1g5 h6
9.Bg5h4 Nc6d4
10.Nc3d5 Nd4xf3
11.gxf3 g5
12.Bh4g3 c6
13.Nd5e3 Qd8d7
14.Ne3f5 Bh5g6
15.Nf5e3 Bc5xe3
16.fxe3 Qd7xh3
17.Kf2 O-O-O
18.Rf1g1 Nf6h5
19.Rg1g2 Nh5xg3
20.Rg2xg3 Qh3d7
21.a4 f6
22.b4 h5
23.Qd1h1 h4
24.Rg3h3 f5
25.a5 a6
26.f4 exf4
27.exf4 Qd7e7
28.Ra1e1 Qe7f6
29.fxg5 Qf6xg5
30.Bc4e6 Kb8
31.Ke2 fxe4
32.dxe4 Rd8e8
33.Re1g1 Qg5e5
34.Be6b3 Bg6xe4
35.Qh1h2 Qe5xh2
36.Rh3xh2 Be4xc2
37.Kd2 Bc2xb3
38.Rg1g4 h3
39.Rg4g3 Bb3e6
40.Kc3 Re8g8
41.Rg3e3 Be6c8
42.Kd4 Rg8g2
{ resign }
0-1

[Event "Tourn. n8191"]
[Site "www.chess-mail.com"]
[Date "2015.07.20"]
[Round "1"]
[White "Truquine"]
[Black "Grimsby"]
[WhiteElo "1760"]
[BlackElo "1700"]
[Result "1-0"]
[Round "1"]
1.d4 Ng8f6
2.c4 e6
3.Ng1f3 b6
4.Bc1g5 Bc8b7
5.Nb1c3 Bf8b4
6.Ra1c1 O-O
7.e3 h6
8.Bg5h4 g5
9.Bh4g3 Nf6e4
10.Qd1c2 d6
11.Bf1d3 Bb4xc3
12.bxc3 f5
13.h3 Nb8d7
14.Bg3h2 Nd7f6
15.O-O Qd8e7
16.Nf3d2 Ne4xd2
17.Qc2xd2 Nf6e4
18.Qd2e2 Qe7g7
19.f3 Ne4f6
20.c5 dxc5
21.Bh2e5  { time }
1-0

[Event "Tourn. n8226"]
[Site "www.chess-mail.com"]
[Date "2015.07.20"]
[Round "1"]
[White "Calulalb"]
[Black "Karkaskat"]
[WhiteElo "2770"]
[BlackElo "2380"]
[Result "0-1"]
[Round "1"]
1.c4 e5
2.Nb1c3 Ng8f6
3.Ng1f3 d6
4.d4 exd4
5.Nf3xd4 Bc8d7
6.e4 Nb8c6
7.Nd4c2 Bf8e7
8.Bf1e2 O-O
9.O-O Rf8e8
10.Bc1e3 Be7f8
11.f3 Nc6e5
12.Qd1d2 Bd7e6
13.b3 a5
14.Nc2d4 Be6d7
15.Rf1d1 a4
16.b4 c6
17.a3 b6
18.Be3f2 Bf8e7
19.f4 Ne5g4
20.Bf2e1 c5
21.bxc5 bxc5
22.Nd4b5 Bd7c6
23.Be2f3 Ng4h6
24.e5 dxe5
 { time }
0-1

[Event "Tourn. n8167"]
[Site "www.chess-mail.com"]
[Date "2015.07.20"]
[Round "1"]
[White "Blackpool"]
[Black "4knights"]
[WhiteElo "1890"]
[BlackElo "1830"]
[Result "0-1"]
[Round "1"]
1.d4 Ng8f6
2.Ng1f3 d5
3.e3 c5
4.Bf1b5 Bc8d7
5.Bb5xd7 Nb8xd7
6.c3 e6
7.O-O Bf8e7
8.Nb1d2 O-O
9.dxc5 Nd7xc5
10.Nd2b3 Nc5e4
11.Qd1e2 Ra8c8
12.Bc1d2 Qd8c7
13.Ra1c1 Be7d6
14.h3 Nf6h5
15.Nb3d4 a6
16.c4 dxc4
17.b3 b5
18.bxc4 bxc4
19.Rc1c2 c3
20.Bd2c1 Qc7b7
21.Rf1e1 { time. }
0-1

[Event "Tourn. n8195"]
[Site "www.chess-mail.com"]
[Date "2015.07.20"]
[Round "1"]
[White "Louis"]
[Black "Anja"]
[WhiteElo "1710"]
[BlackElo "1680"]
[Result "1-0"]
[Round "1"]
1.d4 f5
2.c4 Ng8f6
3.Nb1c3 g6
4.Bc1g5 Bf8g7
5.Bg5xf6 Bg7xf6
6.e4 d6
7.f3 O-O
8.Bf1d3 Bf6xd4
9.Ng1e2 Bd4b6
10.Nc3d5 Nb8c6
11.Nd5xb6 axb6
12.O-O Nc6e5
13.b3 fxe4
14.Bd3xe4 c6
15.Ne2g3 e6
16.f4 Ne5f7
17.Qd1c2 Qd8f6
18.a4 Qf6d4
19.Qc2f2 e5
20.Ra1d1 Qd4xf2
21.Rf1xf2 exf4
22.Rf2xf4  { time }
1-0

[Event "Tourn. n8001"]
[Site "www.chess-mail.com"]
[Date "2015.07.20"]
[Round "1"]
[White "Stepanpech"]
[Black "Fvdp"]
[WhiteElo "2420"]
[BlackElo "2370"]
[Result "1-0"]
[Round "1"]
1.e4 c5
2.Ng1f3 d6
3.d4 cxd4
4.Nf3xd4 Ng8f6
5.Nb1c3 g6
6.Bc1e3 Bf8g7
7.Bf1e2 Nb8c6
8.O-O O-O
9.Nd4b3 Bc8e6
10.f4 Ra8c8
11.Ra1b1 a6
12.Be2f3 b5
13.Nc3d5 Nf6d7
14.c3 a5
15.Qd1e2 Rc8b8
16.Be3f2 b4
17.Qe2a6 Rb8c8
18.Rf1d1 bxc3
19.bxc3 Be6xd5
20.exd5 Nc6b8
21.Qa6xa5 Rc8xc3
22.Qa5b5 Qd8c7
23.a4 Qc7c4
24.Nb3d4 Rf8c8
25.Nd4c6 Bg7f6
26.Bf3g4 h5
27.Nc6xb8 { resign }
1-0

[Event "Tourn. n8141"]
[Site "www.chess-mail.com"]
[Date "2015.07.20"]
[Round "1"]
[White "Anja"]
[Black "Powerchess"]
[WhiteElo "1680"]
[BlackElo "1400"]
[Result "1-0"]
[Round "1"]
1.d4 f5
2.g3 Ng8f6
3.Bf1g2 d5
4.Bc1f4 e6
5.Ng1f3 c6
6.O-O Bf8d6
7.Nf3e5 O-O
8.Nb1d2 Nf6e4
9.Bg2xe4 fxe4
10.c4 Qd8c7
11.c5 Bd6xe5
12.Bf4xe5 Qc7d8
13.b4 Nb8d7
14.Be5d6 Nd7f6
15.Bd6xf8 Qd8xf8
16.a4 Bc8d7
17.f3 exf3
18.Rf1xf3 Qf8e7
19.Qd1c2 Ra8f8
20.Ra1f1 e5
21.e3 e4
22.Rf3f4 a6
23.Qc2b3 Bd7e6
24.b5 { time. }
1-0

[Event "Tourn. n8261"]
[Site "www.chess-mail.com"]
[Date "2015.07.20"]
[Round "1"]
[White "Goodwill"]
[Black "Nugun"]
[WhiteElo "1499"]
[BlackElo "1650"]
[Result "1-0"]
[Round "1"]
1.d4 d5
2.c4 e6
3.Ng1f3 Ng8f6
4.g3 b6
5.Bf1g2 Nb8c6
6.O-O Nc6e7
7.Nb1c3 Bc8b7
8.Nf3e5 Ne7c6
9.Qd1a4 a6
10.Ne5xc6 Qd8d6
11.Nc6a5 c6
12.Na5xb7 Qd6c7
13.cxd5 exd5
14.Nc3xd5 Nf6xd5
15.Bg2xd5 Qc7xb7
16.Bd5xc6 { resign }
1-0

[Event "Tourn. n8128"]
[Site "www.chess-mail.com"]
[Date "2015.07.20"]
[Round "1"]
[White "Wildtiger"]
[Black "Powerchess"]
[WhiteElo "1539"]
[BlackElo "1400"]
[Result "1-0"]
[Round "1"]
1.e4 e5
2.Ng1f3 Ng8f6
3.Nf3xe5 d6
4.Ne5f3 Nf6xe4
5.Bf1e2 Bf8e7
6.O-O O-O
7.d4 d5
8.Be2d3 Nb8c6
9.Rf1e1 Bc8f5
10.Nb1d2 Ne4xd2
11.Qd1xd2 Bf5xd3
12.Qd2xd3 Be7f6
13.c3 Qd8d7
14.Nf3e5 Bf6xe5
15.dxe5 Rf8e8
16.f4 f6
17.c4 Ra8d8
18.Re1e3 dxc4
19.Qd3xc4 Qd7d5
20.Qc4c3 fxe5
21.Qc3e1 Qd5d4
22.Kh1 e4
23.h3 Qd4d1
24.b3 Qd1xe1
25.Re3xe1 Nc6d4
26.Re1d1 e3
27.Bc1b2 c5
28.Bb2xd4 cxd4
29.Rd1d3 e2
30.Ra1e1 Re8e4
31.g3 Rd8c8
32.Kg2 Rc8c2
33.Kf3 Re4e3
34.Rd3xe3 dxe3
35.Kxe3 Rc2xa2
36.Re1xe2 Ra2a3
37.Re2b2 Kf7
38.f5 Kf6
39.g4 Kg5
40.Kd4 { time. }
1-0

[Event "Tourn. n8210"]
[Site "www.chess-mail.com"]
[Date "2015.07.20"]
[Round "1"]
[White "Averoes"]
[Black "Colchester"]
[WhiteElo "2220"]
[BlackElo "2030"]
[Result "1-0"]
[Round "1"]
1.d4 d5
2.c4 e6
3.Ng1f3 c6
4.Nb1c3 f5
5.g3 Ng8f6
6.Bf1g2 Bf8b4
7.O-O O-O
8.Qd1c2 Bb4xc3
9.Qc2xc3 Nf6e4
10.Qc3c2 Nb8d7
11.Bc1f4 Nd7f6
12.b3 Qd8e7
13.Bf4e5 h6
14.Nf3d2 Ne4xd2
15.Qc2xd2 Nf6e4
16.Qd2c2 Bc8d7
{ time. }
1-0

[Event "Tourn. n8210"]
[Site "www.chess-mail.com"]
[Date "2015.07.20"]
[Round "1"]
[White "Averoes"]
[Black "Cristiano"]
[WhiteElo "2220"]
[BlackElo "2150"]
[Result "0-1"]
[Round "1"]
1.d4 Ng8f6
2.c4 g6
3.Nb1c3 Bf8g7
4.e4 d6
5.Bf1e2 Nb8d7
6.Ng1f3 O-O
7.O-O e5
8.Rf1e1 a6
9.Be2f1 Ra8b8
10.a4 c6
11.h3 Qd8c7
12.g3 c5
13.d5 Nf6h5
14.Kh2 Rf8e8
15.Nf3h4 Nd7f8
16.Bc1e3 Qc7d8
17.Qd1d2 Bg7f6
18.Nh4g2 Bf6g7
19.f4 exf4
20.gxf4 f5
21.e5 b6
22.e6 Qd8e7
23.Nc3e2 Nh5f6
24.Ne2g3 Bc8b7
25.Bf1d3 a5
26.Re1e2 Re8c8
27.Ra1g1 Nf6e8
28.h4 Ne8f6
29.Kh3 Nf6g4
30.h5 Kh8
31.hxg6 hxg6
32.Rg1h1 Kg8
33.Ng2h4 Nf8xe6
34.Nh4xg6 Qe7f6
35.Ng6h4 Ne6d4
36.Be3xd4 cxd4
37.Ng3xf5 Ng4e3
38.Rh1g1 Ne3xf5
39.Bd3xf5 Rc8c7
40.Bf5e6 Kh7
41.Rg1g6 Qf6f8
42.Re2g2 Bb7c8
43.f5 Rb8b7
44.Qd2g5 Bc8xe6
45.dxe6 Rc7c5
46.Qg5h5 Bg7h6
47.Rg6g5 Rc5e5
48.Qh5g6 Kh8
49.Rg5h5 Re5e3
50.Kh2 Rb7h7
51.Qg6g4 Bh6f4
52.Qg4xf4 Rh7xh5
53.Qf4xd4 Re3e5
54.Kg1 Kh7
55.Rg2g4 Rh5xf5
56.Qd4xb6 Re5e1
57.Kg2 Re1e2
58.Kg3 Rf5f6
59.Qb6b7 Kh6
60.Qb7d5 Re2e3
61.Kh2 Rf6f2
62.Nh4g2 Qf8f6
63.Qd5xd6 Rf2xg2
{ resign }
0-1

[Event "Tourn. n8074"]
[Site "www.chess-mail.com"]
[Date "2015.07.20"]
[Round "1"]
[White "Jaroslavpech"]
[Black "Seger"]
[WhiteElo "2330"]
[BlackElo "2640"]
[Result "1/2-1/2"]
[Round "1"]
1.e4 c5
2.Ng1f3 d6
3.d4 cxd4
4.Nf3xd4 Nb8c6
5.Nb1c3 e5
6.Nd4b3 Ng8f6
7.f3 Bf8e7
8.Bc1e3 O-O
9.Qd1d2 Bc8e6
10.Nc3d5 a5
11.Be3b6 Qd8b8
12.Nd5xe7 Nc6xe7
13.Bb6xa5 Be6xb3
14.cxb3 d5
15.Ba5b4 Rf8e8
16.Bf1b5 Ne7c6
17.exd5 e4
18.O-O e3
19.Qd2e1 Nf6xd5
20.Bb4c3 Qb8a7
21.Kh1 Ra8d8
22.a4 Qa7c5
23.Ra1c1 Qc5e7
24.g3 h5
25.Rc1c2 Qe7d7
26.Kg1 Qd7e7
27.Rc2e2 h4
28.b4 h3
29.Qe1c1 Nd5xb4
30.Bc3xb4 Qe7xb4
31.Qc1c3 Qb4xc3
32.bxc3 Re8e6
{ draw }
1/2-1/2

[Event "Tourn. n8236"]
[Site "www.chess-mail.com"]
[Date "2015.07.20"]
[Round "1"]
[White "Anja"]
[Black "Pipas"]
[WhiteElo "1770"]
[BlackElo "1700"]
[Result "0-1"]
[Round "1"]
1.d4 d5
2.Ng1f3 Nb8c6
3.Bc1f4 e6
4.e3 Bf8d6
5.Nf3e5 Nc6xe5
6.dxe5 Bd6b4
7.c3 Bb4a5
8.Bf1d3 Ng8e7
9.O-O O-O
10.Qd1g4 f5
11.Qg4g3 h6
12.Bf4xh6 Rf8f7
 { time }
0-1

[Event "Tourn. n8231"]
[Site "www.chess-mail.com"]
[Date "2015.07.20"]
[Round "1"]
[White "Bojan"]
[Black "Alvarin111"]
[WhiteElo "1920"]
[BlackElo "1920"]
[Result "1-0"]
[Round "1"]
1.e4 e6
2.b3 c5
3.Bc1b2 d6
4.Bf1d3 Nb8c6
5.Qd1e2 Ng8f6
6.Ng1f3 h6
7.e5 dxe5
8.Nf3xe5 Qd8c7
9.Bd3b5 Bc8d7
10.Ne5xd7 Nf6xd7
11.Nb1c3 a6
12.Bb5d3 Bf8e7
13.Nc3e4 f6
14.Qe2h5 Kd8
15.Qh5f7 Be7f8
16.Qf7xe6 Bf8e7
{ time. }
1-0

[Event "Tourn. n8214"]
[Site "www.chess-mail.com"]
[Date "2015.07.20"]
[Round "1"]
[White "Gambitchess"]
[Black "Goga"]
[WhiteElo "1840"]
[BlackElo "1990"]
[Result "0-1"]
[Round "1"]
1.d4 Ng8f6
2.c4 g6
3.g3 d5
4.Bf1g2 Bf8g7
5.cxd5 Nf6xd5
6.Ng1f3 Nb8c6
7.e3 O-O
8.O-O Rf8e8
9.Nb1c3 { time. }
0-1

[Event "Tourn. n8214"]
[Site "www.chess-mail.com"]
[Date "2015.07.20"]
[Round "1"]
[White "Xkafi"]
[Black "Gambitchess"]
[WhiteElo "1960"]
[BlackElo "1850"]
[Result "1-0"]
[Round "1"]
1.e4 c5
2.Bf1b5 a6
3.Bb5c4 e6
4.Qd1f3 Nb8c6
5.c3 Nc6e5
6.Qf3e2 Ne5xc4
7.Qe2xc4 d6
8.Ng1f3 d5
9.exd5 Qd8xd5
10.Nb1a3 Qd5xc4
{ time. }
1-0

[Event "Tourn. n8040"]
[Site "www.chess-mail.com"]
[Date "2015.07.20"]
[Round "1"]
[White "Difficult"]
[Black "Badplayer"]
[WhiteElo "2020"]
[BlackElo "2250"]
[Result "0-1"]
[Round "1"]
1.e4 c5
2.f4 Nb8c6
3.Ng1f3 g6
4.Bf1c4 e6
5.Nb1c3 a6
6.a4 Bf8g7
7.O-O Ng8e7
8.d3 O-O
9.Bc1e3 b6
10.Qd1d2 Bc8b7
11.Bc4b3 Ra8c8
12.Ra1b1 d5
13.exd5 exd5
14.d4 c4
15.Bb3a2 Nc6b4
16.Nf3e5 Ne7f5
17.Be3f2 Nb4xa2
18.Nc3xa2 Nf5d6
19.Na2c3 f6
20.Ne5f3 b5
21.axb5 axb5
22.Rf1e1 Rf8e8
23.Re1xe8 Qd8xe8
24.Rb1e1 Qe8d7
25.Re1a1 Rc8a8
26.Ra1xa8 Bb7xa8
27.Qd2e2 Kf7
28.h3 h6
29.Kh2 b4
30.Nc3d1 Nd6e4
31.Kg1 Ba8c6
32.g3 Qd7xh3
33.Qe2e1 Bg7f8
34.Qe1f1 Ne4xf2
35.Qf1xf2 Qh3e6
36.Nd1e3 Bf8d6
37.Kg2 Qe6e4
38.Kg1 h5
39.c3 b3
40.Nf3d2 Qe4d3
41.Nd2f3 Kg7
42.Nf3h4 Qd3b1
43.Kg2 Qb1c1
 { time }
0-1

[Event "Tourn. n8061"]
[Site "www.chess-mail.com"]
[Date "2015.07.20"]
[Round "1"]
[White "Seger"]
[Black "Fjpv"]
[WhiteElo "2640"]
[BlackElo "2590"]
[Result "1/2-1/2"]
[Round "1"]
1.e4 e5
2.Ng1f3 Ng8f6
3.Nf3xe5 d6
4.Ne5f3 Nf6xe4
5.d4 d5
6.Bf1d3 Nb8c6
7.O-O Bf8e7
8.c4 Nc6b4
9.Bd3e2 O-O
10.Nb1c3 Bc8e6
11.a3 Ne4xc3
12.bxc3 Nb4c6
13.cxd5 Be6xd5
14.Be2d3 Rf8e8
15.Nf3d2 g6
16.Rf1e1 Nc6a5
17.c4 Bd5xg2
18.Bc1b2 Bg2h3
19.Qd1f3 Qd8d7
20.Bb2c3 Bh3g4
21.Re1xe7 Re8xe7
22.Qf3f6 Bg4h3
23.f3 Re7e6
24.Qf6h4 Bh3f5
25.Bd3xf5 gxf5
26.Bc3xa5 Re6g6
27.Kh1 Ra8e8
28.d5 f6
29.Qh4f2 b6
30.Ba5b4 a5
31.Bb4c3 Qd7a4
32.f4 Qa4c2
33.Qf2f3 { draw }
1/2-1/2

[Event "Tourn. n8120"]
[Site "www.chess-mail.com"]
[Date "2015.07.20"]
[Round "1"]
[White "Stepanpech"]
[Black "Emmanuelasi"]
[WhiteElo "2460"]
[BlackElo "2330"]
[Result "1-0"]
[Round "1"]
1.d4 Nb8c6
2.d5 Nc6e5
3.e4 e6
4.dxe6 dxe6
5.Qd1xd8 Kxd8
6.Nb1c3 Bf8b4
7.Bc1d2 Ng8f6
8.Ng1f3 Ne5d7
9.Ra1d1 Bb4xc3
10.Bd2xc3 Ke7
11.e5 Nf6d5
12.Bc3d2 h6
13.c4 Nd5b6
14.b3 a5
15.Bd2c1 c5
16.Bc1a3 Rh8e8
17.Nf3d2 Kf8
18.f4 Kg8
19.Nd2e4 a4
20.b4 cxb4
21.Ba3xb4 Nd7f8
22.Ne4d6 Re8d8
23.Bf1e2 Nf8d7
24.O-O Nd7f8
{ time. }
1-0

[Event "Tourn. n8242"]
[Site "www.chess-mail.com"]
[Date "2015.07.20"]
[Round "1"]
[White "Llord"]
[Black "Oliverio"]
[WhiteElo "1730"]
[BlackElo "1800"]
[Result "1-0"]
[Round "1"]
1.e4 e5
2.Ng1f3 Nb8c6
3.Bf1c4 Bf8c5
4.O-O Ng8f6
5.Nb1c3 O-O
6.Nc3d5 a6
7.d4 Bc5xd4
8.Nf3xd4 Nc6xd4
9.c3 Nd4e6
10.Bc1g5 Ne6xg5
11.Nd5xf6 Qd8xf6
12.Qd1d2 Ng5xe4
13.Qd2e3 Ne4g5
14.Rf1e1 d6
15.a4 Bc8e6
16.Bc4d3 Be6d5
17.c4 Bd5c6
18.b4 b6
19.b5 axb5
20.axb5  { time }
1-0

[Event "Tourn. n8264"]
[Site "www.chess-mail.com"]
[Date "2015.07.20"]
[Round "1"]
[White "Korto"]
[Black "Nimzo"]
[WhiteElo "2440"]
[BlackElo "2720"]
[Result "1/2-1/2"]
[Round "1"]
1.Ng1f3 Ng8f6
2.g3 d5
3.Bf1g2 c6
4.O-O Bc8g4
5.d3 Nb8d7
6.Nb1d2 e5
7.e4 dxe4
8.Nd2xe4 Nf6xe4
9.dxe4 Bf8c5
10.Bc1d2 f6
11.b4 Bc5e7
12.Qd1e2 O-O
13.a4 a5
14.bxa5 Nd7c5
15.Bd2b4 Nc5e6
16.Bb4c3 Bg4h5
17.Rf1d1 Qd8c7
{ draw }
1/2-1/2

[Event "Tourn. n8242"]
[Site "www.chess-mail.com"]
[Date "2015.07.20"]
[Round "1"]
[White "Anja"]
[Black "Llord"]
[WhiteElo "1840"]
[BlackElo "1730"]
[Result "0-1"]
[Round "1"]
1.d4 d5
2.Ng1f3 Nb8c6
3.Bc1f4 Ng8f6
4.e3 e6
5.Nb1c3 Bf8b4
6.Bf1d3 O-O
7.O-O Nf6h5
8.a3 Nh5xf4
9.exf4 Bb4d6
10.Qd1d2 Qd8f6
11.Nf3e5 Qf6h4
12.Rf1e1 f6
13.Ne5xc6 bxc6
14.g3 Qh4h5
15.Qd2e2 Qh5xe2
 { time }
0-1

[Event "Tourn. n8117"]
[Site "www.chess-mail.com"]
[Date "2015.07.20"]
[Round "1"]
[White "Awfen"]
[Black "Blackpool"]
[WhiteElo "1950"]
[BlackElo "1940"]
[Result "1/2-1/2"]
[Round "1"]
1.e4 c5
2.Ng1f3 d6
3.Bf1c4 e6
4.O-O Nb8c6
5.c3 Ng8f6
6.d4 cxd4
7.cxd4 Bf8e7
8.Nb1c3 O-O
9.Bc1e3 d5
10.exd5 exd5
11.Bc4b3 Nc6a5
12.Bb3c2 Na5c4
13.Ra1b1 a6
14.Be3g5 b5
15.Nf3e5 Bc8b7
16.Bc2f5 b4
17.Nc3e2 g6
18.Bf5d3 Ra8c8
19.Ne2f4 Nc4xe5
20.dxe5 Nf6d7
21.Bg5xe7 Qd8xe7
22.Rf1e1 Qe7g5
23.Nf4h3 Qg5e7
24.f4 Nd7c5
25.Bd3c2 Nc5e4
26.Bc2xe4 dxe4
27.Nh3f2 Rf8d8
28.Qd1e2 Rd8d4
29.Nf2g4 Qe7c5
30.Qe2e3 h5
31.Ng4f2 a5
32.h3 Rd4c4
33.g4 hxg4
34.Nf2xg4 Rc4c2
35.Ng4f6 Kg7
36.Qe3xc5 Rc8xc5
{ draw }
1/2-1/2

[Event "Tourn. n8256"]
[Site "www.chess-mail.com"]
[Date "2015.07.20"]
[Round "1"]
[White "Falcoale"]
[Black "Odin"]
[WhiteElo "1850"]
[BlackElo "1890"]
[Result "1-0"]
[Round "1"]
1.e4 e5
2.Nb1c3 Ng8f6
3.Bf1c4 Bf8b4
4.Bc4d3 Nb8c6
5.Ng1f3 d6
6.a3 Bb4xc3
7.dxc3 Bc8g4
8.h3 Bg4h5
9.Bc1g5 O-O
10.Qd1d2 Bh5xf3
11.gxf3 h6
12.Bg5xh6 Kh7
13.Bh6e3 d5
14.exd5 g6
15.O-O-O Nf6xd5
{ time. }
1-0

[Event "Tourn. n8256"]
[Site "www.chess-mail.com"]
[Date "2015.07.20"]
[Round "1"]
[White "Guidom"]
[Black "Falcoale"]
[WhiteElo "2070"]
[BlackElo "1850"]
[Result "1-0"]
[Round "1"]
1.e4 c5
2.Ng1f3 e6
3.d4 cxd4
4.Nf3xd4 Ng8f6
5.Nb1c3 Bf8b4
6.Bf1d3 a6
7.Bc1d2 O-O
8.O-O Nb8c6
9.Nd4b3 b6
10.a3 Bb4e7
11.Qd1e2 Bc8b7
12.f4 d5
13.exd5 Nf6xd5
14.Ra1d1 Be7f6
15.Nc3xd5 exd5
16.c3 Rf8e8
17.Qe2h5 g6
18.Qh5h3 Bb7c8
19.Qh3g3 Nc6e7
20.f5 Bf6g7
21.f6 Bg7xf6
22.Rf1xf6 Ne7f5
23.Rf6xf5 Bc8xf5
24.Bd3xf5 Qd8f6
25.Bf5c2 b5
26.Nb3d4 Ra8c8
27.Bd2g5 Qf6b6
28.Bc2b3 Re8e4
29.Bb3xd5 Re4e8
30.Rd1f1 Rc8c7
31.Kh1 Qb6c5
32.Bd5a2 a5
33.Qg3f4 Rc7d7
34.Ba2xf7 { resign }
1-0

[Event "Tourn. n8195"]
[Site "www.chess-mail.com"]
[Date "2015.07.20"]
[Round "1"]
[White "Anja"]
[Black "Ditto"]
[WhiteElo "1680"]
[BlackElo "1740"]
[Result "0-1"]
[Round "1"]
1.d4 e6
2.e4 Ng8f6
3.e5 Nf6d5
4.c4 Bf8b4
5.Bc1d2 Bb4xd2
6.Nb1xd2 Nd5e7
7.Bf1d3 d6
8.f4 b6
9.Ng1f3 d5
10.O-O O-O
11.Qd1c2 Nb8c6
12.Bd3xh7 Kh8
13.Bh7d3 Bc8a6
14.b3 Ne7g8
15.cxd5 Ba6xd3
16.Qc2xd3 Ng8h6
17.dxc6 Qd8e7
18.Nd2e4 Nh6f5
19.Nf3g5 Ra8d8
20.g4 Rd8xd4
21.Qd3h3 Nf5h6
22.Ne4f6 Qe7c5
23.Rf1f2 Qc5e7
24.Ng5xf7 Qe7xf7
25.g5 Qf7g6
26.Rf2g2 Rd4xf4
27.gxh6 Qg6xh6
28.Qh3xh6 gxh6
29.Ra1f1 Rf4h4
 { time }
0-1